|
|
|
|
| LEADER |
03404nam a2200853 i 4500 |
| 001 |
nkc20142615791 |
| 003 |
CZ PrNK |
| 005 |
20150709143217.0 |
| 007 |
ta |
| 008 |
140829s2014 xr ac f 001 1ccze |
| 015 |
|
|
|a cnb002615791
|
| 020 |
|
|
|a 978-80-244-4135-1
|q (brožováno)
|
| 035 |
|
|
|a (OCoLC)913563461
|
| 040 |
|
|
|a ABA001
|b cze
|e rda
|
| 041 |
0 |
|
|a cze
|a ger
|b cze
|b eng
|
| 043 |
|
|
|a e-xr---
|b e-xr-mr
|2 czenas
|
| 045 |
|
|
|a x-x-
|
| 072 |
|
7 |
|a 29
|x Moderní duchovní hnutí
|2 Konspekt
|9 5
|
| 072 |
|
7 |
|a 929
|x Biografie
|2 Konspekt
|9 8
|
| 080 |
|
|
|a 299.72
|2 MRF
|
| 080 |
|
|
|a 299.72-051
|2 MRF
|
| 080 |
|
|
|a 299.72--055.2
|2 MRF
|
| 080 |
|
|
|a 929
|2 MRF
|
| 080 |
|
|
|a 133
|2 MRF
|
| 080 |
|
|
|a 930.85
|2 MRF
|
| 080 |
|
|
|a 930.2-028.16
|2 MRF
|
| 080 |
|
|
|a (437.32)
|2 MRF
|
| 080 |
|
|
|a (437.3)
|2 MRF
|
| 080 |
|
|
|a (047.53)
|2 MRF
|
| 080 |
|
|
|a (0:82-94)
|2 MRF
|
| 080 |
|
|
|a (048.8)
|2 MRF
|
| 100 |
1 |
|
|a Voda Eschgfäller, Sabine,
|d 1976-
|7 js20051212002
|4 aut
|
| 245 |
1 |
0 |
|a Antroposofové na Moravě (a v Čechách) :
|b příspěvek ke kulturním dějinám a orální historii antroposofického hnutí 1911-1992 /
|c Sabine Voda Eschgfäller, David Voda
|
| 250 |
|
|
|a 1. vydání
|
| 264 |
|
1 |
|a Olomouc :
|b Univerzita Palackého v Olomouci,
|c 2014
|
| 300 |
|
|
|a 164 stran :
|b ilustrace, portréty ;
|c 21 cm
|
| 336 |
|
|
|a text
|b txt
|2 rdacontent
|
| 337 |
|
|
|a bez média
|b n
|2 rdamedia
|
| 338 |
|
|
|a svazek
|b nc
|2 rdacarrier
|
| 490 |
1 |
|
|a Odborné publikace
|
| 500 |
|
|
|a Publikace vznikla ve spolupráci s Bibloteca Enigmatica
|
| 500 |
|
|
|a Nad názvem: Univerzita Palackého v Olomouci, Filozofická fakulta
|
| 504 |
|
|
|a Obsahuje bibliografie, bibliografické odkazy a rejstřík
|
| 546 |
|
|
|a Částečný německý a souběžný německý text, české a anglické resumé
|
| 648 |
|
7 |
|a 20. století
|7 ch460558
|2 czenas
|
| 650 |
0 |
7 |
|a antropozofické hnutí
|7 ph836150
|z Česko
|y 20. století
|2 czenas
|
| 650 |
0 |
7 |
|a antropozofové
|7 ph836155
|z Česko
|y 20. století
|2 czenas
|
| 650 |
0 |
7 |
|a antropozofky
|7 ph836156
|z Česko
|y 20. století
|2 czenas
|
| 650 |
0 |
7 |
|a esoterismus
|7 ph114484
|z Česko
|y 20. století
|2 czenas
|
| 650 |
0 |
7 |
|a kulturní dějiny
|7 ph122020
|z Česko
|y 20. století
|2 czenas
|
| 650 |
0 |
7 |
|a orální historie
|7 ph123826
|z Česko
|2 czenas
|
| 650 |
0 |
9 |
|a Anthroposophical movement
|z Czechia
|y 20th century
|2 eczenas
|
| 650 |
0 |
9 |
|a anthroposofists
|z Czechia
|y 20th century
|2 eczenas
|
| 650 |
0 |
9 |
|a women anthroposofists
|z Czechia
|y 20th century
|2 eczenas
|
| 650 |
0 |
9 |
|a esoterism
|z Czechia
|y 20th century
|2 eczenas
|
| 650 |
0 |
9 |
|a cultural history
|z Czechia
|y 20th century
|2 eczenas
|
| 650 |
0 |
9 |
|a oral history
|z Czechia
|2 eczenas
|
| 651 |
|
7 |
|a Morava (Česko)
|7 ge130070
|2 czenas
|
| 651 |
|
9 |
|a Moravia (Czechia)
|2 eczenas
|
| 655 |
|
7 |
|a rozhovory
|7 fd133303
|2 czenas
|
| 655 |
|
7 |
|a vzpomínky
|7 fd133830
|2 czenas
|
| 655 |
|
7 |
|a monografie
|7 fd132842
|2 czenas
|
| 655 |
|
9 |
|a interviews
|2 eczenas
|
| 655 |
|
9 |
|a reminiscences
|2 eczenas
|
| 655 |
|
9 |
|a monographs
|2 eczenas
|
| 700 |
1 |
|
|a Voda, David,
|d 1976-
|7 jo2003181546
|4 aut
|
| 710 |
2 |
|
|a Univerzita Palackého.
|b Filozofická fakulta
|7 kn20010709373
|4 isb
|
| 810 |
2 |
|
|a Univerzita Palackého.
|t Odborné publikace
|0 s
|
| 910 |
2 |
|
|a BOA001
|b 2-1347.663
|
| 928 |
9 |
|
|a Bibloteca Enigmatica
|
| 990 |
|
|
|a BK
|
| 995 |
|
|
|a 01
|
| 991 |
|
|
|b 201507
|c NOV
|e n
|
| 996 |
6 |
|
|b 2610635167
|c 2-1347.663
|l MZK
|r Sklad / do 1 hodiny
|n 3
|p p.v.
|w 001509215
|u 000010
|a 1
|e BOA001
|j MZK50
|s P
|